Obálka Náhled e-knihy:
PDF Epub
Pro půjčování e-knih musíte být přihlášeni.
Jak si půjčit online?

Zakázaná príťažlivosť /

Obľúbená autorka ženských románov je späť v najlepšej forme! Jana úspešne odpromovala a druhého septembra nastupuje do svojho prvého zamestnania ako pani učiteľka. Ešte predtým ju však kamošky zavolajú na disku, poriadne si pred začiatkom školského roka vyraziť z kopýtka. A tam jej zamotá hlavu chut...

Celý popis

Uloženo v:
Hlavní autor: Ježovičová, Kristína (Autor)
Médium: E-kniha
Jazyk:Czech
Vydáno: Praha : Albatros Media Slovakia s.r.o., 2019
Tagy:
Žádné tagy
LEADER 01922nam a22002297i 4500
001 311080
007 ta
008 260601s2019 xr ||||| |||| 00| 0 cze d
020 |a 9788056612736 
044 |a xr 
100 1 |a  Ježovičová, Kristína  |4 aut 
245 1 0 |a Zakázaná príťažlivosť /  |c  Ježovičová, Kristína 
264 1 |a Praha :  |b Albatros Media Slovakia s.r.o.,  |c 2019 
300 |a 1 online zdroj (240 stran) 
336 |a text  |b txt  |2 rdacontent 
337 |a bez média  |b n  |2 rdamedia 
338 |a online zdroj  |b cr  |2 rdacarrier 
520 2 |a Obľúbená autorka ženských románov je späť v najlepšej forme! Jana úspešne odpromovala a druhého septembra nastupuje do svojho prvého zamestnania ako pani učiteľka. Ešte predtým ju však kamošky zavolajú na disku, poriadne si pred začiatkom školského roka vyraziť z kopýtka. A tam jej zamotá hlavu chutný Johny. Chalanisko, s ktorým by už dávno bola v posteli, keby... keby sa proti nej všetci bohovia nevzbúrili a nepotrebovali niečo súrne vyriešiť. A keď začne školský rok, ďakuje bohom, že v tej posteli neskončili, lebo Johny drie lavice v maturitnom ročníku. Jana by mu rada dala zbohom, ale keď ho stretáva každý deň na školských chodbách... na tých niekoľko vášnivých bozkov a horúcich dotykov sa nedá len tak zabudnúť. A Johny jej to svojím správaním vôbec neuľahčuje. Dokáže mu odolať a ustrážiť si aspoň prvý rok povesť prísnej pani učiteľky? 
910 |a RBIT002 
998 |d 201263  |a https://core.palmknihy.cz/api/books/201263/cover?pwipag  |b https://core.palmknihy.cz/api/books/201263/cover/400?pwipag  |c https://core.palmknihy.cz/api/books/201263/cover/50?pwipag  |e   |g 240  |i 9788056612736  |j https://core.palmknihy.cz/api/books/201263/preview.epub  |k https://core.palmknihy.cz/api/books/201263/preview.pdf  |l   |q 49  |r 1  |s https://www.palmknihy.cz/kniha/201263  |t ebook  |y 2019  |z 1 
999 |d 311078